| 000 | 00601nam a22002057a 4500 | ||
|---|---|---|---|
| 005 | 20251108174642.0 | ||
| 008 | 250721s2007 xx 000 0 ara d | ||
| 020 | _a9774271300 | ||
| 082 | 1 | 4 | _a932/حوا |
| 100 | 1 |
_aحواس، زاهي _eمؤلف |
|
| 245 | 1 | 0 | _aالملك الذهبي : عالم توت عنخ آمون / |
| 264 | 1 |
_aالقاهرة : _bالدار المصرية اللبنانية، _c2007. |
|
| 300 | _a165 ص. | ||
| 650 | 1 | 7 | _aتوت عنخ امون |
| 650 | 1 | 7 | _aالفراعنه |
| 650 | 1 | 7 | _aمصر |
| 650 | 1 | 7 | _aالتاريخ |
| 942 |
_2ddc _cBK |
||
| 999 |
_c114526 _d114526 |
||